Békés-csaba A város története a kezdetektöl a 19. század harmadik harmadáig

Podrobná bibliografia
Hlavný autor: Haan, Ľudovít Jaroslav, 1818-1891 (Autor)
Ďalší autori: Székely, Lajos, 1912-2000 (Autor úvodu atď.)
Médium: Kniha
Jazyk:maďarčina
slovenčina
Fyzický popis:216 s. ilustr., mp., tb. 24 cm
Vydavateľské údaje: Békéscsaba Békes Megyei Közgyülés Önkormányzati Hivatala 1991
ISBN:9630412551
ISSN:0237-725 X
Vydanie:1. kiad.
Edícia:Fekete könyvek kultúrtörténeti sorozat
Predmet:

MARC

LEADER 00000cam a2200000 a 4500
001 vtls001175487
003 SK-MaSNL
005 20260316140543.0
008 251029s1991 hu abl gr 000 0 hun
015 |a SNBZSA1991/03 
020 |a 9630412551  |q (viaz.) 
035 |a SNK000118483 
035 |a urn:nbn:sk:snk-amkw5c 
035 |a urn:nbn:sk:snk-am003tm2 
035 |a 846F2E5C-87B6-4B4C-94B6-39920D1BA762 
040 |a SNK  |b slo  |c SNK  |e AACR2 
041 0 |a hun  |a slo 
043 |a e-hu--- 
044 |a hu  |c HU 
072 7 |a 911  |x Všeobecná geografia. Systematická geografia  |2 konspekt 
080 |a 908.439.175(091)=945.11  |2 1981 
080 |a 943.92"-/1840"=945.11  |2 1981 
080 |a 911.375(091)  |2 2011 
080 |a (439.175)  |2 2011 
080 |a (048.8)  |2 2011 
100 1 |a Haan, Ľudovít Jaroslav,  |d 1818-1891  |4 aut  |9 98384 
245 1 0 |a Békés-csaba  |b A város története a kezdetektöl a 19. század harmadik harmadáig  |c Ľudovít Haan ; kötésterv. Mária Zahorán ; nehány szó Lajos Székely 
250 |a 1. kiad. 
260 |a Békéscsaba  |b Békes Megyei Közgyülés Önkormányzati Hivatala  |c 1991 
300 |a 216 s.  |b ilustr., mp., tb.  |c 24 cm 
366 |e 1300 výtl. 
490 1 |a Fekete könyvek kultúrtörténeti sorozat  |v 14  |x 0237-725 X 
546 |a Čiastočný text slovensky 
650 0 7 |a dejiny miest  |2 SNKPH  |9 164833 
651 7 |a Békešská Čaba (Maďarsko)  |2 SNKPHgeo  |9 161208 
655 7 |a monografie  |2 SNKPH  |9 70139 
700 1 |a Zahorán, Mária  |4 oth  |9 516762 
700 1 |a Székely, Lajos,  |d 1912-2000  |4 aui  |9 516763 
830 0 |a Fekete könyvek kultúrtörténeti sorozat  |x 0237-725 X  |9 516764 
850 |a Slovenská národná knižnica 
852 |a Slovenská národná knižnica 
919 |a 963-04-12551 
954 |a odborná, vedecká literatúra cudzojazyčná (svetová)  |2 lita 
958 |a OND 
958 |a TL 
958 |a ZS 
958 |a HU 
999 |c 795992  |d 797922 
952 |a SNK  |b SNK  |y PREZ  |7 0  |p 17A0994550  |o snkSC 80856  |0 0  |1 0  |4 0  |d 2012-08-13  |l 0  |r 2026-02-24 01:52:07  |w 2026-02-24 
952 |t P60, <04>, [BOOK], {604}  |a SNK  |b SNK  |y VYP  |7 0  |p 17A0053231  |o snkSC 80856 D1  |0 0  |1 0  |4 0  |d 1997-03-11  |f 1  |l 0  |r 2005-01-01 00:00:00  |w 2026-02-24